| 000 | 00508nam a2200181Ia 4500 | ||
|---|---|---|---|
| 003 | GCL | ||
| 008 | 140319s9999 xx 000 0 ara d | ||
| 040 |
_aGCL / _cGCL |
||
| 082 | 0 | 4 |
_a843.03 _bز ظ |
| 100 | 1 | _aفاكو ميشال | |
| 245 | 1 | 0 |
_aظهور بارد اليان / _cفاكو ميشال |
| 260 |
_a[S.N] : _bالمكتبة الثقافية |
||
| 300 | _a87 | ||
| 490 | _a | ||
| 650 | 0 | 4 | _aالقصص العربية المترجمة |
| 650 | 0 | 4 | _aالقصص الفرنسية |
| 942 |
_2ddc _cBK |
||
| 999 |
_c54480 _d54480 |
||